=LDR 00000nam 2200000 4500 =001 000153 =020 $9786023170777 =082 $636.300 =100 $Tim Agro Mandiri =245 $Beternak Kambing =264 $Surakarta Visi Mandiri 2018 =300 $85 halaman; 14 x 20,5 cm =650 $Peternakan =905 $636.3 TIM b =336 $$a =337 $$a =338 $$a =005 20260702151432.0 =008 260702s2026\\\\\\\\\\\\\\\\\\\\\\\\\\\\\\\\\\\\\\\\\